000 00518nam a2200157 i 4500
001 83187
003 ES-MaACL
005 20230906174806.0
007 t|
008 041115s1970 sp ||||1| spa d
245 0 0 _aEstadística de inversiones y gastos de las corporaciones locales
_b: año 1966 /
_cInstituto Nacional de Estadística.
260 _aMadrid :
_b[s.n.,
_c1970]
300 _aXXII, 90 p. ;
_c27 cm.
710 2 _aInstituto Nacional de Estadística (España)
_95162
852 _aES-MaACL
_jC-41375
_bR.77063
999 _c83187
_d83187